Major World Leaders - Statistics

General Stats
  • This quiz has been taken 23 times
    21 since last reset
  • The average score is 20 of 38
Answer Stats
Hint Answer % Correct
Israel - Prime Minister Benjamin Netanyahu
100%
United States - President Donald Trump
100%
Russia - President Vladimir Putin
100%
United Kingdom - King Charles III
93%
North Korea - Supreme Leader/ General Secretary of the Workers' Party Kim Jong Un
93%
France - President Emmanuel Macron
86%
China - General Secretary of the Communist Party Xi Jinping
86%
United Kingdom - Prime Minister Keir Starmer
79%
Vatican City (Holy See) - Pope Leo XIV
79%
Ukraine - President Volodymyr Zelenskyy
79%
India - Prime Minister Narendra Modi
71%
Mexico - President Claudia Sheinbaum
64%
Spain - King Felipe VI
64%
Canada - Prime Minister Mark Carney
64%
Turkey - President Recep Tayyip Erdoğan
64%
Hungary - Prime Minister Viktor Orbán
64%
Egypt - President Abdel Fattah el-Sisi
57%
Australia - Prime Minister Anthony Albanese
57%
Argentina - President Javier Milei
57%
Brazil - President Luiz Inácio Lula da Silva
57%
Venezuela - Acting president OR president Nicolás Maduro | Delcy Rodríguez
57%
Spain - Prime Minister Pedro Sánchez
57%
Germany - Chancellor Friedrich Merz
50%
Iran - Supreme Leader Ali Khamenei
43%
Saudi Arabia - King Salman
43%
Palestine - President Mahmoud Abbas
29%
Japan - Prime Minister Sanae Takaichi
29%
New Zealand - Prime Minister Christopher Luxon
21%
Nicaragua - Co-Presidents Daniel Ortega
21%
Cuba - First Secretary of the Communist Party Miguel Díaz-Canel
21%
Japan - Emperor Naruhito
21%
Netherlands - Prime Minister Dick Schoof
14%
South Korea - President Lee Jae Myung
14%
Ireland - Prime Minister/ Taoiseach Micheál Martin
14%
France - Prime Minister Sébastien Lecornu
14%
Germany - President Frank-Walter Steinmeier
7%
Hamas Izz al-Din al-Haddad
7%
Nicaragua - Co-Presidents Rosario Murillo
7%
No matching quizzes found
Score Distribution
Percent of People with Each Score
Percentile by Number Answered
Your Score History
You have not taken this quiz since the last reset